La Grèce au IVe siècle : la lutte pour l'hégémonie (404-336) /

محفوظ في:

المؤلف الرئيسي: Glotz, Gustave, 1862-1935.

مؤلفون آخرون: Cohen, Robert. (joint author.)

التنسيق: كتاب

اللغة: French

منشور في: Paris : Les Presses universitaires de France, 1936.

سلاسل: Histoire générale, [1] Histoire ancienne. 2. ptie. ; 3.

الموضوعات:

الوسوم: إضافة وسم

لا توجد وسوم, كن أول من يضع وسما على هذه التسجيلة!

رقم الطلب: DF214 .G56 1936 v.3

LEADER 00972cam a22002771 4500
001 6429012
003 OSt
005 20231224101928.0
008 870626s1936 fr b 000 0 fre
999 |c 55161  |d 55161 
010 |a  36032035  
035 |a (OCoLC)23405793 
040 |a DLC  |c MiU  |d DLC 
043 |a e-gr--- 
050 4 |a DF214 .G56 1936 v.3 
100 1 |a Glotz, Gustave,  |d 1862-1935. 
245 1 3 |a La Grèce au IVe siècle :   |b la lutte pour l'hégémonie (404-336) /   |c par Gustave Glotz, avec la collaboration de Robert Cohen. 
260 |a Paris :   |b Les Presses universitaires de France,   |c 1936. 
300 |a 4 p. L., [3]-538 p., 2 L. ;   |c 25 cm. 
490 1 |a Histoire générale, [1] Histoire ancienne. 2.ptie. ;   |v 3. 
504 |a Bibliographical foot-notes. 
651 0 |a Greece  |x History  |y To 146 B.C. 
700 1 |a Cohen, Robert.  |e joint author. 
830 0 |a Histoire générale, [1] Histoire ancienne. 2. ptie. ;  |v 3. 
901 |a reviewed 
942 |2 lcc  |c BK